000 01034nam a2200241 a 4500
001 BRCA_1462
005 20190320203435.0
008 830624s1996 mx-#---#a#---#000-0#spa-#
020 _a9682989868 (CONACULTA)
020 _a968753303X (Siquisirí)
050 4 _aF1211
_b.G55 1996
100 1 _aGilliam, Albert M.
_94785
245 1 0 _aViajes por México durante los años
_b1843 y 1844
_cAlbert M. Gilliam ; traducción, prólogo y notas Pablo García Cisneros.
260 _aMéxico
_bMirada Viajera : CONACULTA : Siquisirí
_c1996
300 _a426 p.
_c21 cm.
500 _aApéndice I. Cuadro de equivalencias monedas, pesos y medidas mexicanas. Apéndice II. Itinerario de viajero Albert M. Gilliam (1843-1844)
500 _aTraducción de : Travels in México, during the years 1843 and 1844
651 4 _aMéxico
_xDescripción y viajes
_9103
651 4 _aCosta pacifíco
_vCatálogos
_xDescripción y viajes
_94786
653 0 _aViajeros extranjeros en México
700 1 _aGarcía Cisneros, Pablo
_94175
942 _2lcc
_cB
999 _c1324
_d1324